[Event "Prague Golden rap op 13th"]
[Site "Prague"]
[Date "2017.07.01"]
[Round "3"]
[White "Tsenov, Tsvetoslav"]
[Black "Balacek, Tadeas"]
[Result "0-1"]
[WhiteElo "2129"]
[BlackElo "2308"]
[PlyCount "87"]
[EventDate "2017.07.01"]
[EventType "swiss (rapid)"]
[EventRounds "7"]
[EventCountry "CZE"]
[SourceTitle "EXT 2018"]
[Source "ChessBase"]
[SourceDate "2017.10.13"]
[SourceVersion "1"]
[SourceVersionDate "2017.10.13"]
[SourceQuality "1"]

1. e4 e6 2. d4 d5 3. e5 c5 4. c3 Nc6 5. Nf3 Bd7 6. Be2 Rc8 7. 0-0 cxd4 8. cxd4 Nge7 9. Nc3 Nf5 10. Be3 Be7 11. Rc1 0-0 12. Bd3 Nxe3 13. fxe3 f5 14. exf6 Bxf6 15. Bb1 Be8 16. a3 Bh5 17. Bd3 Kh8 18. Qc2 g6 19. Kh1 Bg7 20. Be2 Bh6 21. Qd3 Qe7 22. Rce1 Bg4 23. h3 Bf5 24. Qd2 Be4 25. Nxe4 dxe4 26. Ng1 Qd6 27. Bg4 Ne7 28. Ne2 Nd5 29. Rxf8+ Rxf8 30. Ng1 Qg3 31. Bxe6 Rf2 32. Qxf2 Qxf2 33. Re2 Qg3 34. Bxd5 Bxe3 35. Bxe4 Bxd4 36. Nf3 Bc5 37. Bxb7 Qf4 38. Be4 g5 39. Re1 g4 40. Nh2 Bf2 41. Rf1 Qxe4 42. Rxf2 g3 43. Rf8+ Kg7 44. Nf3 0-1

[Event "Brno op 5th"]
[Site "Brno"]
[Date "2014.11.19"]
[Round "5"]
[White "Simkin, Alexander"]
[Black "Tsenov, Tsvetoslav"]
[Result "0-1"]
[WhiteElo "1890"]
[BlackElo "2150"]
[PlyCount "94"]
[EventDate "2014.11.15"]
[EventType "swiss"]
[EventRounds "9"]
[EventCountry "CZE"]
[SourceTitle "CBM 163 Extra"]
[Source "ChessBase"]
[SourceDate "2014.12.23"]
[SourceVersion "1"]
[SourceVersionDate "2014.12.23"]
[SourceQuality "1"]

1. d4 Nf6 2. c4 e6 3. Nc3 d5 4. cxd5 exd5 5. Bg5 Be7 6. Nf3 0-0 7. e3 Be6 8. Bd3 Nbd7 9. Rc1 c5 10. 0-0 Rc8 11. dxc5 Nxc5 12. Bb1 Re8 13. Nd4 Qd7 14. Nxe6 fxe6 15. Qe2 Bf8 16. Rfd1 Qf7 17. Qf3 a5 18. Qh3 g6 19. Qf3 Bg7 20. Nb5 Nfe4 21. Qxf7+ Kxf7 22. Bxe4 Nxe4 23. Rxc8 Rxc8 24. f3 Rc5 25. fxe4 Rxb5 26. b3 Rc5 27. exd5 exd5 28. Rd2 Ke6 29. Bf4 Kf5 30. Bd6 Rc1+ 31. Kf2 Ke4 32. Ba3 Rb1 33. Rc2 Ra1 34. Ke2 Be5 35. h3 Rg1 36. Kf2 Ra1 37. Ke2 h5 38. Bc1 b5 39. Bd2 b4 40. Be1 g5 41. Bd2 g4 42. hxg4 hxg4 43. Bc1 g3 44. Kd2 Bc3+ 45. Ke2 Rb1 46. Kd1 Kd3 47. Re2 Rxc1+ 0-1

[Event "Brno op 5th"]
[Site "Brno"]
[Date "2014.11.19"]
[Round "6"]
[White "Tsenov, Tsvetoslav"]
[Black "Kulon, Klaudia"]
[Result "1-0"]
[WhiteElo "2150"]
[BlackElo "2374"]
[PlyCount "103"]
[EventDate "2014.11.15"]
[EventType "swiss"]
[EventRounds "9"]
[EventCountry "CZE"]
[SourceTitle "CBM 163 Extra"]
[Source "ChessBase"]
[SourceDate "2014.12.23"]
[SourceVersion "1"]
[SourceVersionDate "2014.12.23"]
[SourceQuality "1"]

1. e4 e5 2. Nf3 Nc6 3. Bb5 a6 4. Ba4 d6 5. Bxc6+ bxc6 6. d4 exd4 7. Nxd4 c5 8. Nc6 Qd7 9. Na5 Ne7 10. Nc3 g6 11. Qf3 Bg7 12. Bg5 Qg4 13. Qxg4 Bxg4 14. Bd2 Be6 15. 0-0-0 Rb8 16. b3 0-0 17. f3 f5 18. Rhe1 Rfe8 19. exf5 Nxf5 20. Ne4 Nh4 21. Re2 h6 22. Rde1 Bd7 23. c3 g5 24. Kc2 Kh7 25. Kc1 Kg6 26. Rf2 Rb5 27. c4 Rbb8 28. g3 Nf5 29. f4 g4 30. Nc3 c6 31. Rfe2 Kf7 32. Rxe8 Rxe8 33. Ne4 Bd4 34. Nb7 Kg6 35. Nbxd6 Nxd6 36. Nxd6 Rxe1+ 37. Bxe1 Bg1 38. Kd2 h5 39. Ke2 h4 40. Kf1 Bd4 41. gxh4 Bf5 42. h5+ Kf6 43. Bh4+ Ke6 44. Nxf5 Kxf5 45. Bg5 Be3 46. Kg2 Bd2 47. h6 Bc3 48. h4 Bd4 49. h5 Bc3 50. Be7 Kxf4 51. Bf8 Kg5 52. Bg7 1-0

[Event "Brno op 5th"]
[Site "Brno"]
[Date "2014.11.17"]
[Round "3"]
[White "Tsenov, Tsvetoslav"]
[Black "Sernecki, Franciszek"]
[Result "1/2-1/2"]
[WhiteElo "2150"]
[BlackElo "1903"]
[PlyCount "90"]
[EventDate "2014.11.15"]
[EventType "swiss"]
[EventRounds "9"]
[EventCountry "CZE"]
[SourceTitle "CBM 163 Extra"]
[Source "ChessBase"]
[SourceDate "2014.12.23"]
[SourceVersion "1"]
[SourceVersionDate "2014.12.23"]
[SourceQuality "1"]

1. e4 c5 2. Nc3 Nc6 3. f4 e6 4. Nf3 d5 5. Bb5 Nge7 6. 0-0 a6 7. Be2 d4 8. Nb1 g6 9. d3 Bg7 10. Qe1 0-0 11. Qh4 Bd7 12. Nbd2 Nc8 13. Qh3 Nd6 14. Qg3 Qe7 15. Nc4 Nxc4 16. dxc4 Nb4 17. Bd3 Nxd3 18. cxd3 b5 19. b3 Rab8 20. Re1 Qd8 21. Bd2 bxc4 22. dxc4 Bc6 23. Rad1 Qc7 24. Qh4 Qb7 25. f5 exf5 26. Bh6 f6 27. Bxg7 Kxg7 28. exf5 Bxf3 29. gxf3 Rbe8 30. Qg3 Qd7 31. fxg6 hxg6 32. Qf4 Re7 33. Rxe7+ Qxe7 34. b4 g5 35. Qd2 Rd8 36. bxc5 Qxc5 37. Qd3 Qe5 38. Rd2 Qf4 39. Re2 Rd7 40. Kg2 Qd6 41. Re4 Qb6 42. Re2 Qd6 43. Re4 Qb6 44. Kf2 Qd6 45. Kg2 Qb6 1/2-1/2

[Event "Brno op 3rd"]
[Site "Brno"]
[Date "2012.11.16"]
[Round "8"]
[White "Tsenov, Tsvetoslav"]
[Black "Latas, Boguslaw"]
[Result "0-1"]
[WhiteElo "2118"]
[BlackElo "2276"]
[PlyCount "58"]
[EventDate "2012.11.10"]
[EventType "swiss"]
[EventRounds "9"]
[EventCountry "CZE"]
[SourceTitle "CBM 151 Extra"]
[Source "ChessBase"]
[SourceDate "2012.12.18"]
[SourceVersion "1"]
[SourceVersionDate "2012.12.18"]
[SourceQuality "1"]

1. e4 g6 2. d4 Bg7 3. Nc3 d6 4. Nf3 Nf6 5. h3 0-0 6. Be3 a6 7. Qd2 b5 8. e5 b4 9. exf6 bxc3 10. Qxc3 exf6 11. 0-0-0 Nd7 12. h4 Nb6 13. Qd2 Bf5 14. Nh2 Qd7 15. g4 Be4 16. f3 Bd5 17. b3 a5 18. c4 a4 19. cxd5 axb3 20. axb3 Ra3 21. Qb4 Ra1+ 22. Kd2 Nxd5 23. Rxa1 Nxb4 24. Bc4 d5 25. Be2 Re8 26. Rhc1 f5 27. gxf5 Qe7 28. Ng4 Bxd4 29. Bxd4 Qxe2+ 0-1

[Event "Brno op 3rd"]
[Site "Brno"]
[Date "2012.11.11"]
[Round "2"]
[White "Tsenov, Tsvetoslav"]
[Black "Potapov, Alexander1"]
[Result "0-1"]
[WhiteElo "2118"]
[BlackElo "2379"]
[PlyCount "72"]
[EventDate "2012.11.10"]
[EventType "swiss"]
[EventRounds "9"]
[EventCountry "CZE"]
[SourceTitle "CBM 151 Extra"]
[Source "ChessBase"]
[SourceDate "2012.12.18"]
[SourceVersion "1"]
[SourceVersionDate "2012.12.18"]
[SourceQuality "1"]

1. e4 g6 2. d4 Bg7 3. Nc3 c6 4. Nf3 d5 5. h3 dxe4 6. Nxe4 Nf6 7. Nxf6+ Bxf6 8. Bc4 Nd7 9. 0-0 Nb6 10. Bb3 a5 11. a3 a4 12. Ba2 0-0 13. Bh6 Re8 14. Qd2 c5 15. c3 cxd4 16. cxd4 Nd5 17. Ne5 Be6 18. Rac1 Nc7 19. Bb1 Bd5 20. Ng4 Bh8 21. Bf4 Ne6 22. Be5 f6 23. Bg3 Bb3 24. d5 Qxd5 25. Qb4 f5 26. Nh6+ Kf8 27. Rc3 Bg7 28. Rd3 Qc4 29. Qd2 Rac8 30. Bh2 Qh4 31. Nxf5 gxf5 32. Rf3 Nd4 33. Rf4 Qf6 34. Bxf5 Nxf5 35. Qd3 Bc2 36. Qf3 e5 0-1

[Event "Liberec op 13th"]
[Site "Liberec"]
[Date "2012.10.26"]
[Round "8"]
[White "Tsenov, Tsvetoslav"]
[Black "Nguyen, Thai Dai Van"]
[Result "1/2-1/2"]
[WhiteElo "2118"]
[BlackElo "2069"]
[PlyCount "84"]
[EventDate "2012.10.20"]
[EventType "swiss"]
[EventRounds "9"]
[EventCountry "CZE"]
[SourceTitle "EXT 2013"]
[Source "ChessBase"]
[SourceDate "2012.11.22"]
[SourceVersion "1"]
[SourceVersionDate "2012.11.22"]
[SourceQuality "1"]

1. e4 e5 2. Nf3 Nf6 3. Bc4 Nxe4 4. Nc3 Nxc3 5. dxc3 c6 6. Nxe5 d5 7. Bd3 Bd6 8. Nf3 Nd7 9. Bg5 f6 10. Qe2+ Qe7 11. Qxe7+ Kxe7 12. Bh4 Kf7 13. 0-0-0 Nc5 14. Nd4 Be5 15. Nb3 Nxd3+ 16. cxd3 Bf5 17. Bg3 b6 18. Kd2 Rhe8 19. d4 Bxg3 20. hxg3 Re7 21. Rde1 Rxe1 22. Rxe1 Re8 23. Rh1 h6 24. f3 Ke7 25. g4 Bg6 26. Re1+ Kd7 27. Rxe8 Kxe8 28. Ke3 Ke7 29. Nc1 Bf7 30. Ne2 g5 31. Ng3 Bg6 32. Nf1 Kd6 33. Nd2 Bf7 34. b4 Bg6 35. Nb3 Bc2 36. Nc1 Bg6 37. Kd2 Bh7 38. Ne2 Bg6 39. Nc1 Bh7 40. Ne2 Bg6 41. Nc1 Bh7 42. Ne2 Bg6 1/2-1/2

[Event "Liberec op 13th"]
[Site "Liberec"]
[Date "2012.10.23"]
[Round "5"]
[White "Grela, Kacper"]
[Black "Tsenov, Tsvetoslav"]
[Result "1/2-1/2"]
[WhiteElo "1948"]
[BlackElo "2118"]
[PlyCount "70"]
[EventDate "2012.10.20"]
[EventType "swiss"]
[EventRounds "9"]
[EventCountry "CZE"]
[SourceTitle "EXT 2013"]
[Source "ChessBase"]
[SourceDate "2012.11.22"]
[SourceVersion "1"]
[SourceVersionDate "2012.11.22"]
[SourceQuality "1"]

1. e4 c5 2. Nf3 d6 3. d4 cxd4 4. Nxd4 Nf6 5. Nc3 g6 6. Bc4 Bg7 7. Bb3 Nc6 8. Be3 Ng4 9. Nxc6 bxc6 10. Bf4 0-0 11. 0-0 Ne5 12. Be3 a5 13. f4 Ng4 14. Qf3 Nxe3 15. Qxe3 e6 16. Rad1 Qc7 17. Kh1 Ba6 18. Rf2 d5 19. f5 Qe5 20. Qc5 Rfc8 21. fxe6 fxe6 22. Qb6 Kh8 23. Rf7 Bf6 24. Ra7 Bd8 25. Qxa6 Rab8 26. Rb7 Bc7 27. g3 d4 28. Rxb8 Rxb8 29. Qxc6 dxc3 30. bxc3 Rf8 31. Qc4 Qf6 32. Qe2 Be5 33. Kg2 Rc8 34. Qf3 Qe7 35. Rd3 Kg7 1/2-1/2

[Event "Liberec op 13th"]
[Site "Liberec"]
[Date "2012.10.23"]
[Round "4"]
[White "Tsenov, Tsvetoslav"]
[Black "Bartos, Jan"]
[Result "1/2-1/2"]
[WhiteElo "2118"]
[BlackElo "2191"]
[PlyCount "73"]
[EventDate "2012.10.20"]
[EventType "swiss"]
[EventRounds "9"]
[EventCountry "CZE"]
[SourceTitle "EXT 2013"]
[Source "ChessBase"]
[SourceDate "2012.11.22"]
[SourceVersion "1"]
[SourceVersionDate "2012.11.22"]
[SourceQuality "1"]

1. e4 e5 2. Nf3 Nf6 3. Nc3 Nc6 4. Bb5 Nd4 5. Ba4 Bc5 6. d3 c6 7. 0-0 d6 8. Nxd4 Bxd4 9. h3 Be6 10. Ne2 Bb6 11. Be3 0-0 12. Qc1 d5 13. Ng3 dxe4 14. dxe4 Bxe3 15. fxe3 Nd7 16. Bb3 Qh4 17. Qe1 Nc5 18. Bxe6 fxe6 19. Qb4 Na6 20. Qxb7 Qxg3 21. Qxa6 Qxe3+ 22. Kh2 Qxe4 23. c3 Rf4 24. Rae1 Qd5 25. Rd1 Qc5 26. Qb7 Rff8 27. Rxf8+ Rxf8 28. Re1 Qf2 29. Re4 Qc5 30. Rg4 g6 31. Rh4 h5 32. Qb3 Rf1 33. Qxe6+ Kg7 34. Re4 Qg1+ 35. Kg3 Qf2+ 36. Kh2 Qg1+ 37. Kg3 1/2-1/2

[Event "Brno Trade op-A 37th"]
[Site "Brno"]
[Date "2012.09.02"]
[Round "9"]
[White "Tsenov, Tsvetoslav"]
[Black "Veznik, Michael"]
[Result "1-0"]
[WhiteElo "2141"]
[BlackElo "1846"]
[PlyCount "47"]
[EventDate "2012.08.26"]
[EventType "swiss"]
[EventRounds "9"]
[EventCountry "CZE"]
[SourceTitle "CBM 150 Extra"]
[Source "ChessBase"]
[SourceDate "2012.10.19"]
[SourceVersion "1"]
[SourceVersionDate "2012.10.19"]
[SourceQuality "1"]

1. e4 g6 2. d4 Bg7 3. Nc3 c6 4. Nf3 d6 5. Be3 Nd7 6. Qd2 Ngf6 7. 0-0-0 b5 8. e5 Ng4 9. Bf4 Qc7 10. exd6 exd6 11. Re1+ Kd8 12. Bxb5 Rb8 13. Bc4 Nb6 14. Bb3 Ba6 15. Ne4 Nc8 16. Nfg5 Nh6 17. Bxf7 Nxf7 18. Ne6+ Kd7 19. Nxc7 Kxc7 20. Qa5+ Rb6 21. Nc5 Bc4 22. b3 Bxd4 23. bxc4 Ne5 24. Ne6+ 1-0

[Event "Brno Trade op-A 37th"]
[Site "Brno"]
[Date "2012.08.30"]
[Round "6"]
[White "Tsenov, Tsvetoslav"]
[Black "Licka, Vlastimil"]
[Result "1/2-1/2"]
[WhiteElo "2141"]
[BlackElo "1972"]
[PlyCount "91"]
[EventDate "2012.08.26"]
[EventType "swiss"]
[EventRounds "9"]
[EventCountry "CZE"]
[SourceTitle "CBM 150 Extra"]
[Source "ChessBase"]
[SourceDate "2012.10.19"]
[SourceVersion "1"]
[SourceVersionDate "2012.10.19"]
[SourceQuality "1"]

1. e4 d6 2. d4 g6 3. Nc3 c6 4. a4 a5 5. Be3 e5 6. dxe5 dxe5 7. Qxd8+ Kxd8 8. Bb6+ Ke8 9. 0-0-0 Nd7 10. Bc7 Bc5 11. Nh3 Nh6 12. Bc4 f6 13. Bb3 Ke7 14. f4 Ng4 15. Rd3 exf4 16. Bxf4 Nde5 17. Rdd1 Be6 18. Bxe6 Kxe6 19. Bg3 g5 20. Rde1 Rad8 21. Nd1 Rd4 22. Ng1 Rhd8 23. Nf3 Rxa4 24. b3 Rb4 25. h4 h6 26. hxg5 hxg5 27. Bxe5 Nxe5 28. Nxe5 Kxe5 29. Nb2 b5 30. Rh3 Rxe4 31. Nd3+ Rxd3 32. Rxe4+ Kxe4 33. Rxd3 b4 34. Kd2 Bd4 35. Ke2 f5 36. Rh3 g4 37. Rh6 c5 38. Ra6 f4 39. Re6+ Kd5 40. Rg6 g3 41. Kd3 Ke5 42. Rg5+ Kf6 43. Rg8 Kf5 44. Rf8+ Ke5 45. Re8+ Kd5 46. Rd8+ 1/2-1/2

[Event "Brno Trade op-A 37th"]
[Site "Brno"]
[Date "2012.08.28"]
[Round "4"]
[White "Kireev, Aleksei"]
[Black "Tsenov, Tsvetoslav"]
[Result "1-0"]
[WhiteElo "2345"]
[BlackElo "2141"]
[PlyCount "115"]
[EventDate "2012.08.26"]
[EventType "swiss"]
[EventRounds "9"]
[EventCountry "CZE"]
[SourceTitle "CBM 150 Extra"]
[Source "ChessBase"]
[SourceDate "2012.10.19"]
[SourceVersion "1"]
[SourceVersionDate "2012.10.19"]
[SourceQuality "1"]

1. d4 Nf6 2. Bg5 Ne4 3. Bh4 c5 4. f3 g5 5. fxe4 gxh4 6. e3 Bh6 7. Kf2 cxd4 8. exd4 Nc6 9. Nc3 d6 10. Bc4 0-0 11. Nf3 Bg4 12. h3 Bh5 13. Ne2 e6 14. c3 Kh8 15. g4 Bg6 16. Bd3 f5 17. exf5 exf5 18. g5 Bxg5 19. Nxg5 Qxg5 20. Rg1 Qh6 21. Qc1 f4 22. Bxg6 hxg6 23. Rg4 Rf5 24. Qd2 g5 25. Ng1 Nd8 26. Nf3 Nf7 27. Qd3 Qe6 28. Re1 Qf6 29. Reg1 Rg8 30. Nxh4 Ra5 31. Nf3 Rxa2 32. Qb5 d5 33. Nxg5 Nxg5 34. Rh4+ Nh7 35. Rxg8+ Kxg8 36. Qxd5+ Kf8 37. Rxh7 Rxb2+ 38. Kf3 Qc6 39. Qxc6 bxc6 40. Rc7 Rb6 41. Kxf4 a5 42. Ra7 Rb3 43. c4 Rb4 44. Rxa5 Rxc4 45. Ke4 Rc3 46. Rh5 Ke7 47. Rh6 c5 48. d5 c4 49. Ke5 Rd3 50. Rh7+ Kd8 51. Kd6 Re3 52. Rd7+ Kc8 53. Rc7+ Kd8 54. Ra7 Kc8 55. Kc6 Kb8 56. Rb7+ Kc8 57. d6 Re6 58. Re7 1-0

[Event "Plzen op 3rd"]
[Site "Plzen"]
[Date "2011.11.21"]
[Round "3"]
[White "Klement, Lukas"]
[Black "Tsenov, Tsvetoslav"]
[Result "1-0"]
[WhiteElo "2250"]
[BlackElo "2142"]
[PlyCount "85"]
[EventDate "2011.11.19"]
[EventType "swiss"]
[EventRounds "9"]
[EventCountry "CZE"]
[SourceTitle "CBM 145 Extra"]
[Source "ChessBase"]
[SourceDate "2012.01.03"]
[SourceVersion "1"]
[SourceVersionDate "2012.01.03"]
[SourceQuality "1"]

1. d4 Nf6 2. c4 e6 3. Nf3 Bb4+ 4. Nbd2 b6 5. g3 Ba6 6. Qc2 Bb7 7. Bg2 Be4 8. Qb3 Nc6 9. 0-0 Bxd2 10. Bxd2 0-0 11. e3 Rb8 12. Rac1 b5 13. cxb5 a6 14. Ne5 Rxb5 15. Qa3 Bxg2 16. Kxg2 Nxe5 17. dxe5 Rxe5 18. Qxa6 Qb8 19. Bc3 Rb5 20. Rfd1 d5 21. Be5 Qb6 22. Qxb6 cxb6 23. b3 Ra8 24. Rc2 Nd7 25. Rdc1 f6 26. Bd6 Rba5 27. a4 Kf7 28. Rc6 R5a7 29. Rc7 Kg6 30. Rxa7 Rxa7 31. Rc7 Rxc7 32. Bxc7 e5 33. b4 d4 34. exd4 exd4 35. Kf3 d3 36. Ke3 Kf5 37. Kxd3 Kg4 38. Ke4 f5+ 39. Kd4 Kf3 40. a5 bxa5 41. bxa5 Nf8 42. Kd5 Ng6 43. Bd6 1-0

[Event "Brno op 2nd"]
[Site "Brno"]
[Date "2011.11.17"]
[Round "8"]
[White "Chladek, Vaclav"]
[Black "Tsenov, Tsvetoslav"]
[Result "0-1"]
[WhiteElo "2035"]
[BlackElo "2142"]
[PlyCount "82"]
[EventDate "2011.11.12"]
[EventType "swiss"]
[EventRounds "9"]
[EventCountry "CZE"]
[SourceTitle "EXT 2012"]
[Source "ChessBase"]
[SourceDate "2011.11.24"]
[SourceVersion "1"]
[SourceVersionDate "2011.11.24"]
[SourceQuality "1"]

1. e4 c5 2. Nf3 g6 3. c3 Bg7 4. Bc4 e6 5. d4 cxd4 6. cxd4 d5 7. exd5 exd5 8. Bb5+ Bd7 9. Qb3 Ne7 10. Nc3 0-0 11. 0-0 Be6 12. Bf4 Nbc6 13. Bxc6 Nxc6 14. Nb5 Qd7 15. Rac1 Rfd8 16. Rfe1 Rac8 17. Nd6 Na5 18. Qb5 Rxc1 19. Rxc1 Nc4 20. Qxd7 Rxd7 21. Nb5 a6 22. Na3 f6 23. Nxc4 dxc4 24. Kf1 b5 25. Ke2 g5 26. Be3 Bd5 27. Ne1 h6 28. g4 Bf8 29. Nf3 Kg7 30. h4 Bd6 31. Rg1 Rc7 32. Rc1 Be6 33. Rg1 a5 34. Nd2 Bd5 35. hxg5 hxg5 36. f3 c3 37. bxc3 Rxc3 38. a4 bxa4 39. Ne4 Bc4+ 40. Kd2 Rd3+ 41. Kc2 Bb4 0-1

[Event "Brno op 2nd"]
[Site "Brno"]
[Date "2011.11.12"]
[Round "1"]
[White "Tsenov, Tsvetoslav"]
[Black "Collins, Alan"]
[Result "1-0"]
[WhiteElo "2142"]
[BlackElo "1835"]
[PlyCount "29"]
[EventDate "2011.11.12"]
[EventType "swiss"]
[EventRounds "9"]
[EventCountry "CZE"]
[SourceTitle "EXT 2012"]
[Source "ChessBase"]
[SourceDate "2011.11.24"]
[SourceVersion "1"]
[SourceVersionDate "2011.11.24"]
[SourceQuality "1"]

1. e4 d5 2. exd5 Qxd5 3. Nc3 Qa5 4. d4 c6 5. Nf3 Nf6 6. Ne5 Bf5 7. g4 Be4 8. Nc4 Qc7 9. Nxe4 Nxe4 10. Qf3 Nf6 11. Bf4 Qd8 12. 0-0-0 Qd5 13. Qe2 Qxh1 14. f3 Nbd7 15. Nd6+ 1-0

[Event "Sofia MGU op 26th"]
[Site "Sofia"]
[Date "2011.02.27"]
[Round "4"]
[White "Tsenov, Tsvetoslav"]
[Black "Dochev, Delyan"]
[Result "1-0"]
[WhiteElo "2155"]
[BlackElo "1662"]
[PlyCount "21"]
[EventDate "2011.02.26"]
[EventType "swiss"]
[EventRounds "6"]
[EventCountry "BUL"]
[SourceTitle "CBM 141 Extra"]
[Source "ChessBase"]
[SourceDate "2011.05.03"]
[SourceVersion "1"]
[SourceVersionDate "2011.05.03"]
[SourceQuality "1"]

1. e4 e5 2. Nf3 Nc6 3. Bb5 a6 4. Bxc6 dxc6 5. Nc3 f6 6. d4 exd4 7. Nxd4 Bc5 8. Qh5+ g6 9. Qxc5 Ne7 10. Bh6 b6 11. Qc4 1-0

[Event "Sofia Baharov Memorial 18th"]
[Site "Sofia"]
[Date "2010.11.27"]
[Round "4"]
[White "Borisov, Lubomir"]
[Black "Tsenov, Tsvetoslav"]
[Result "0-1"]
[WhiteElo "1893"]
[BlackElo "2141"]
[PlyCount "104"]
[EventDate "2010.11.25"]
[EventType "swiss"]
[EventRounds "7"]
[EventCountry "BUL"]
[SourceTitle "CBM 139 Extra"]
[Source "ChessBase"]
[SourceDate "2011.01.05"]
[SourceVersion "1"]
[SourceVersionDate "2011.01.05"]
[SourceQuality "1"]

1. d4 Nf6 2. Nf3 e6 3. e3 b6 4. Bd3 Bb7 5. Nbd2 c5 6. b3 cxd4 7. exd4 Nc6 8. a3 Be7 9. 0-0 0-0 10. Bb2 Qc7 11. Qe2 Rfe8 12. c4 Qf4 13. Ne4 Nxe4 14. Qxe4 Qxe4 15. Bxe4 d5 16. Bd3 Na5 17. Nd2 Ba6 18. Be2 Rac8 19. Rac1 Red8 20. Rfd1 Bg5 21. Rc2 Bxd2 22. Rcxd2 Nxb3 23. Rc2 Bxc4 24. Bxc4 Rxc4 25. Rxc4 dxc4 26. f4 f6 27. Kf2 Rd5 28. Ke3 Kf7 29. Bc3 g6 30. g4 a5 31. h4 h5 32. g5 fxg5 33. fxg5 Ke7 34. Ke4 Nc5+ 35. dxc5 Rxd1 36. cxb6 Kd7 37. Bxa5 Kc6 38. Bb4 Rd5 39. a4 Kxb6 40. Bc3 Kc5 41. Be1 Rd1 42. Bc3 Rd3 43. Be1 Rh3 44. a5 c3 45. a6 Kb6 46. Kd4 c2 47. Bd2 Rh1 48. Ke5 c1Q 49. Bxc1 Rxc1 50. Kf6 Rh1 51. Kxg6 Rxh4 52. Kf6 Rg4 0-1

[Event "Brno op 1st"]
[Site "Brno"]
[Date "2010.11.14"]
[Round "1"]
[White "Tsenov, Tsvetoslav"]
[Black "Feldvabl, Vilem"]
[Result "1-0"]
[WhiteElo "2141"]
[BlackElo "1852"]
[PlyCount "89"]
[EventDate "2010.11.14"]
[EventType "swiss"]
[EventRounds "9"]
[EventCountry "CZE"]
[SourceTitle "EXT 2011"]
[Source "ChessBase"]
[SourceDate "2010.11.26"]
[SourceVersion "1"]
[SourceVersionDate "2010.11.26"]
[SourceQuality "1"]

1. e4 e5 2. Nf3 Nf6 3. Nxe5 d6 4. Nf3 Nxe4 5. Nc3 Nxc3 6. dxc3 Be7 7. Be3 Nc6 8. Qd2 Be6 9. 0-0-0 Qd7 10. Kb1 a6 11. Ng5 Bxg5 12. Bxg5 f6 13. Bh4 0-0-0 14. f4 Bg4 15. Re1 Rhe8 16. Bd3 Bf5 17. h3 Bxd3 18. cxd3 Rxe1+ 19. Rxe1 Re8 20. Kc2 Rxe1 21. Qxe1 Qe7 22. Qe4 Qxe4 23. dxe4 Kd7 24. Kd3 b5 25. g4 h6 26. Bg3 Ne7 27. h4 c5 28. c4 Kc6 29. h5 bxc4+ 30. Kxc4 d5+ 31. Kd3 dxe4+ 32. Kxe4 Kb5 33. Be1 Kc6 34. b3 Kd6 35. Bc3 Ke6 36. Bb2 Nc6 37. g5 Nb4 38. f5+ Ke7 39. gxh6 gxh6 40. a3 Nc6 41. Bc3 Kf7 42. Bd2 Kg7 43. Kd5 Nd4 44. b4 Nxf5 45. bxc5 1-0

[Event "Sofia MGU op 10th"]
[Site "Sofia"]
[Date "2010.07.10"]
[Round "2"]
[White "Stoev, Tsvetoslav"]
[Black "Tsenov, Tsvetoslav"]
[Result "0-1"]
[WhiteElo "1695"]
[BlackElo "2141"]
[PlyCount "72"]
[EventDate "2010.07.10"]
[EventType "swiss"]
[EventRounds "6"]
[EventCountry "BUL"]
[SourceTitle "CBM 137 Extra"]
[Source "ChessBase"]
[SourceDate "2010.09.01"]
[SourceVersion "1"]
[SourceVersionDate "2010.09.01"]
[SourceQuality "1"]

1. e4 c5 2. Nf3 d6 3. d4 cxd4 4. Nxd4 Nf6 5. Nc3 g6 6. Be3 Bg7 7. Be2 Nc6 8. 0-0 0-0 9. f4 Nxd4 10. Bxd4 Nd7 11. Bxg7 Kxg7 12. Qd4+ Kg8 13. e5 dxe5 14. fxe5 Qb6 15. Qxb6 Nxb6 16. Bf3 Bf5 17. Bxb7 Rab8 18. Ba6 Bxc2 19. Rac1 Bf5 20. Rfd1 Rfd8 21. b3 Bg4 22. Be2 Bxe2 23. Nxe2 Nd5 24. Rc5 e6 25. Nc3 Nxc3 26. Rxd8+ Rxd8 27. Rxc3 Rd5 28. Rc7 a5 29. a3 Rxe5 30. b4 axb4 31. axb4 Rb5 32. Rc4 Kf8 33. Kf2 Ke7 34. Ke3 Kd6 35. Rh4 Rg5 36. g3 h5 0-1

[Event "Sofia MGU op 10th"]
[Site "Sofia"]
[Date "2010.07.10"]
[Round "3"]
[White "Tsenov, Tsvetoslav"]
[Black "Krustev, Goran"]
[Result "1-0"]
[WhiteElo "2141"]
[BlackElo "2005"]
[PlyCount "63"]
[EventDate "2010.07.10"]
[EventType "swiss"]
[EventRounds "6"]
[EventCountry "BUL"]
[SourceTitle "CBM 137 Extra"]
[Source "ChessBase"]
[SourceDate "2010.09.01"]
[SourceVersion "1"]
[SourceVersionDate "2010.09.01"]
[SourceQuality "1"]

1. e4 e5 2. Nf3 Nc6 3. Bb5 Nf6 4. Bxc6 dxc6 5. Nc3 Bd6 6. d4 exd4 7. Qxd4 c5 8. Qd3 Bg4 9. 0-0 0-0 10. Bg5 h6 11. Bh4 Be7 12. Qe3 Be6 13. Bxf6 Bxf6 14. Qxc5 c6 15. Rad1 Be7 16. Qe3 Qb6 17. Qxb6 axb6 18. a3 b5 19. Ne2 b4 20. axb4 Bxb4 21. c3 Bc4 22. Rfe1 Bc5 23. Ned4 Ra2 24. b4 Be7 25. Ne5 Ba6 26. Nd7 Rd8 27. Nf5 Bg5 28. f4 Rxd7 29. Rxd7 Bxf4 30. Ne3 Ra3 31. Nd1 Ra2 32. e5 1-0